000 01236nam0a2200289 4500
001 RU\NLR\BIBL_A\011471519
005 20260406072434.0
010 _a978-5-7595-1981-2
_9500
021 _aRU
_b2017-50816
_93649
035 _a(NLR Aleph) 011471519
090 _a11856990
_c11856990
100 _a20170914d2017 |||y0rusy50 ca
101 0 _amyv
102 _aRU
105 _aa z 000 y
200 1 _aЭрзянь кель 5
_eобщеобразоват. орг. учеб. пособия
_fД. В. Цыганкин
205 _a2 нолдавкс
_bвитнезь
210 _aСаранск
_cМорд. кн. изд-вась
_d2017
215 _a206, [1] с.
_cил.
_d22
541 1 _aЭрзянский язык. 5 класс
_eучеб. пособие для общеобразоват. орг.
_zrus
606 1 _aЭрзянский язык
_jУчебные издания для средней школы
_91650160
_3RU\NLR\AUTH\66730328
686 1 _aШ166.311-922
700 1 _4070
_8rus
_cморд.-эрзя
_7ca
_aЦыганкин
_bД. В.
_f1925-
_gДмитрий Васильевич
_3RU\NLR\auth-onl\77157
_9130217
852 _aNLR
_bОНЛ
_jМорд.Э./3-2950
942 _cBOOK
980 _aNB